Percepciones soviéticas de los Estados Unidos
Guardat en:
| Autor principal: | |
|---|---|
| Format: | Text |
| Publicat: |
México, D.F.:
N.O.E.M.A.
|
| Etiquetes: |
Afegir etiqueta
Sense etiquetes, Sigues el primer a etiquetar aquest registre!
|
MARC
| LEADER | 00000 a a2200000 04500 | ||
|---|---|---|---|
| 001 | 22413 | ||
| 003 | |||
| 040 | |||
| 090 | |a 152800 | ||
| 100 | |a Schwartz, Morton | ||
| 245 | |a Percepciones soviéticas de los Estados Unidos | ||
| 260 | |a México, D.F.: |b N.O.E.M.A. | ||
| 300 | |a 171 p | ||
| 999 | |c 1923 |d 1923 | ||
